[Event "Olympiad Women-43"]
[Site "Batumi"]
[Date "2018.09.27"]
[Round "4.37"]
[White "Bakalarz, Grazyna"]
[Black "Wang, Mi"]
[Result "1-0"]
[WhiteElo "1849"]
[BlackElo "1585"]
[PlyCount "119"]
[EventDate "2018.09.24"]
[EventType "team-swiss"]
[EventRounds "11"]
[EventCountry "GEO"]
[SourceTitle "EXT 2020"]
[Source "ChessBase"]
[SourceDate "2019.10.17"]
[SourceVersion "1"]
[SourceVersionDate "2019.10.17"]
[SourceQuality "1"]
[WhiteTeam "Luxembourg (W)"]
[BlackTeam "Chinese Taipei (W)"]
[WhiteTeamCountry "LUX"]
[BlackTeamCountry "TPE"]

1. d4 Nf6 2. c4 e6 3. Nc3 d5 4. cxd5 exd5 5. Bg5 c6 6. Qc2 Be7 7. e3 Bg4 8. Bd3 Nbd7 9. Nge2 0-0 10. f3 Bh5 11. Nf4 Bg6 12. Nxg6 fxg6 13. 0-0 Nh5 14. Bxe7 Qxe7 15. Rfe1 Nhf6 16. b4 Qxb4 17. Rab1 Qe7 18. Rxb7 Rfb8 19. Qb3 Qe8 20. Ba6 Nb6 21. e4 Rxb7 22. Bxb7 Rb8 23. Ba6 Na8 24. Qd1 dxe4 25. Bc4+ Kh8 26. fxe4 Nb6 27. Bb3 Rd8 28. e5 Nfd5 29. Ne4 Qe7 30. Nd6 Nc8 31. Ne4 Rf8 32. Rf1 Rxf1+ 33. Qxf1 Ne3 34. Qc1 Nf5 35. Qxc6 Qd8 36. d5 Nd4 37. Qc4 Nxb3 38. axb3 Nb6 39. Qd4 Qxd5 40. Qxd5 Nxd5 41. Nd6 Kg8 42. Kf2 Kf8 43. Kf3 a6 44. Nb7 Ke7 45. Nc5 Nc7 46. Ke4 Kf7 47. b4 Ke7 48. Kd4 h6 49. Nd3 Ne6+ 50. Kd5 Nc7+ 51. Kc6 Kd8 52. Nc5 Kc8 53. Kd6 Nb5+ 54. Ke7 Nd4 55. Nxa6 Nc6+ 56. Kd6 Kb7 57. Nc5+ Kb6 58. e6 Nd4 59. e7 Nf5+ 60. Kd7 1-0

[Event "Olympiad Women-43"]
[Site "Batumi"]
[Date "2018.09.24"]
[Round "1.52"]
[White "Mpinganjira, Ellen"]
[Black "Bakalarz, Grazyna"]
[Result "0-1"]
[WhiteElo "1412"]
[BlackElo "1849"]
[PlyCount "64"]
[EventDate "2018.09.24"]
[EventType "team-swiss"]
[EventRounds "11"]
[EventCountry "GEO"]
[SourceTitle "EXT 2020"]
[Source "ChessBase"]
[SourceDate "2019.10.17"]
[SourceVersion "1"]
[SourceVersionDate "2019.10.17"]
[SourceQuality "1"]
[WhiteTeam "Malawi (W)"]
[BlackTeam "Luxembourg (W)"]
[WhiteTeamCountry "MWI"]
[BlackTeamCountry "LUX"]

1. e4 e5 2. Nf3 Nf6 3. Bb5 c6 4. Ba4 Nxe4 5. Qe2 d5 6. Nxe5 Bd6 7. d3 Bxe5 8. dxe4 Qa5+ 9. c3 Qxa4 10. exd5 Kd8 11. 0-0 Re8 12. Qh5 cxd5 13. Qxf7 Qd7 14. Qh5 Qf5 15. Qd1 Bd7 16. Nd2 Nc6 17. Nf3 Kc7 18. Nxe5 Rxe5 19. Be3 Rae8 20. b4 b6 21. Qd2 Kb7 22. a4 Qe4 23. a5 b5 24. Qe2 d4 25. cxd4 Nxd4 26. Qd2 Bc6 27. f3 Qxe3+ 28. Qxe3 Rxe3 29. h3 Rb3 30. Rad1 Rxb4 31. Kh2 Re2 32. Ra1 Rbb2 0-1

[Event "AUT-ch Seniors 50"]
[Site "Deutschlandsberg"]
[Date "2018.04.26"]
[Round "5"]
[White "Bakalarz, Grazyna"]
[Black "Pudmich, Guenter"]
[Result "0-1"]
[WhiteElo "1915"]
[BlackElo "1702"]
[PlyCount "150"]
[EventDate "2018.04.22"]
[EventType "swiss"]
[EventRounds "7"]
[EventCountry "AUT"]
[SourceTitle "CBM 184 Extra"]
[Source "ChessBase"]
[SourceDate "2018.06.28"]
[SourceVersion "1"]
[SourceVersionDate "2018.06.28"]
[SourceQuality "1"]

1. d4 d5 2. c4 e6 3. Nc3 Nf6 4. Bg5 Nbd7 5. e3 Be7 6. cxd5 exd5 7. Qc2 0-0 8. Nf3 c6 9. Bd3 h6 10. Bh4 Re8 11. 0-0 a6 12. h3 Qb6 13. Na4 Qd8 14. Rab1 Kh8 15. Nc5 Rg8 16. Nxd7 Bxd7 17. Ne5 Be8 18. f4 Nd7 19. Bxe7 Qxe7 20. Rbe1 Nf8 21. f5 f6 22. Nf3 Qd6 23. e4 dxe4 24. Rxe4 Bf7 25. Bc4 Bd5 26. Bxd5 Qxd5 27. Re7 b6 28. b3 Nd7 29. Rfe1 Rac8 30. Qe4 Nb8 31. Nh4 Rcd8 32. Qxd5 cxd5 33. Ng6+ Kh7 34. R1e6 Rd7 35. Re8 Rd8 36. Rxg8 Kxg8 37. Rxb6 Kh7 38. Nf4 Rc8 39. Nxd5 Rd8 40. Ne7 Re8 41. Ng6 h5 42. h4 Kh6 43. Kf2 Kh7 44. Kf3 Kh6 45. Nf4 Rc8 46. Rb7 Nc6 47. Ne6 g5 48. fxg6 Kxg6 49. Kf4 Re8 50. d5 Ne5 51. Rg7+ Kh6 52. Rg3 Ng6+ 53. Kf5 Ne7+ 54. Kxf6 Nxd5+ 55. Kf7 Re7+ 56. Kf8 Rxe6 57. Rg5 Nf4 58. g3 Ne2 59. g4 hxg4 60. Rxg4 Kh5 61. Rc4 Ng1 62. Kf7 Rb6 63. b4 Nf3 64. Rf4 Nxh4 65. a4 Kg5 66. Rc4 Nf5 67. Rc5 Kf4 68. Ra5 Ke4 69. b5 Nd6+ 70. Ke7 Nxb5 71. axb5 axb5 72. Kd7 Kd4 73. Kc7 Kc5 74. Kd7 Kc4 75. Kc7 Rh6 0-1

[Event "GER-chT Federal Cup (Women)"]
[Site "Braunfels"]
[Date "2015.06.05"]
[Round "3.1"]
[White "Bakalarz, Grazyna"]
[Black "Hielscher, Ursula"]
[Result "0-1"]
[WhiteElo "1954"]
[BlackElo "1699"]
[PlyCount "90"]
[EventDate "2015.06.04"]
[EventType "team-swiss"]
[EventRounds "5"]
[EventCountry "GER"]
[SourceTitle "CBM 167 Extra"]
[Source "ChessBase"]
[SourceDate "2015.09.14"]
[SourceVersion "1"]
[SourceVersionDate "2015.09.14"]
[SourceQuality "1"]
[WhiteTeam "Rheinland Pfalz (W)"]
[BlackTeam "Schleswig Holstein (W)"]
[WhiteTeamCountry "GER"]
[BlackTeamCountry "GER"]

1. d4 Nf6 2. Nf3 g6 3. c4 Bg7 4. Nc3 0-0 5. Bf4 d6 6. h3 b6 7. e3 Bb7 8. Be2 Nbd7 9. 0-0 Ne8 10. Rc1 e5 11. Bg3 e4 12. Nd2 f5 13. b4 c5 14. bxc5 dxc5 15. d5 Ne5 16. Qb3 Nd6 17. Rfd1 Rb8 18. Rb1 Qf6 19. Nb5 Nxb5 20. cxb5 Rbd8 21. Nc4 Nxc4 22. Bxc4 g5 23. Bc7 Rd6 24. Bxd6 Qxd6 25. Qc2 Bc8 26. Rb3 f4 27. Qxe4 Bf5 28. Qf3 Bc2 29. Rd2 Bxb3 30. axb3 fxe3 31. Qxe3 Kh8 32. Qxg5 Bh6 33. Qh5 Bxd2 34. Bd3 Qe7 35. Be2 Qf6 36. Kh1 Qxf2 37. Qe5+ Qf6 38. Qe4 Bf4 39. Bd3 Qa1+ 40. Bb1 Qg7 41. Bd3 Bd6 42. g4 Qa1+ 43. Kg2 Qb2+ 44. Bc2 Qg7 45. Bd3 Qf7 0-1

[Event "Luxembourg-chT 1415"]
[Site "Luxembourg"]
[Date "2014.11.09"]
[Round "?"]
[White "Ghavami, Seyed Reza"]
[Black "Bakalarz, Grazyna"]
[Result "0-1"]
[WhiteElo "1914"]
[BlackElo "2011"]
[PlyCount "25"]
[EventDate "2014.10.05"]
[EventType "team-tourn"]
[EventRounds "10"]
[EventCountry "LUX"]
[SourceTitle "EXT 2017"]
[Source "ChessBase"]
[SourceDate "2016.10.25"]
[SourceVersion "1"]
[SourceVersionDate "2016.10.25"]
[SourceQuality "1"]

1. e4 e5 2. Nf3 Nf6 3. d4 Nxe4 4. Bd3 d5 5. Nxe5 Nc6 6. c3 Bd6 7. Qa4 Bxe5 8. Bxe4 dxe4 9. dxe5 Qd3 10. Nd2 e3 11. Nf3 exf2+ 12. Kxf2 0-0 13. Be3 0-1

[Event "Luxembourg-chT 1213"]
[Site "Luxembourg"]
[Date "2013.01.10"]
[Round "4"]
[White "Bakalarz, Grazyna"]
[Black "Schuller, Jean Claude"]
[Result "1-0"]
[WhiteElo "2011"]
[BlackElo "1875"]
[PlyCount "81"]
[EventDate "2012.10.??"]
[EventType "team-tourn"]
[EventRounds "10"]
[EventCountry "LUX"]
[SourceTitle "EXT 2017"]
[Source "ChessBase"]
[SourceDate "2016.10.25"]
[SourceVersion "1"]
[SourceVersionDate "2016.10.25"]
[SourceQuality "1"]

1. d4 Nf6 2. Nf3 e6 3. Bf4 d5 4. e3 c5 5. c3 Nbd7 6. Nbd2 b6 7. Bd3 Bb7 8. 0-0 Be7 9. Ne5 0-0 10. Qe2 Ne4 11. f3 Nxd2 12. Qxd2 f6 13. Nxd7 Qxd7 14. Rad1 c4 15. Bb1 Rae8 16. e4 Bd6 17. e5 fxe5 18. Bxe5 Bxe5 19. dxe5 Qf7 20. f4 Qh5 21. Qe3 Re7 22. Rd4 Qe8 23. Qh3 g6 24. Qg4 Rg7 25. h4 Bc8 26. g3 b5 27. Rf2 a5 28. Kg2 b4 29. Qf3 Qb5 30. Kh3 bxc3 31. Qxc3 Qb4 32. Qc1 Qc5 33. Rfd2 Qb4 34. b3 Ba6 35. bxc4 Bxc4 36. Bd3 Rc8 37. Bxc4 Rxc4 38. Rxc4 dxc4 39. Rd8+ Kf7 40. Rc8 Qb7 41. Rxc4 1-0

[Event "Rheinland Pfalz op 4th"]
[Site "Altenkirchen"]
[Date "2012.06.08"]
[Round "4"]
[White "Bakalarz, Grazyna"]
[Black "Vossen, Harald"]
[Result "1-0"]
[WhiteElo "1997"]
[BlackElo "1697"]
[PlyCount "100"]
[EventDate "2012.06.07"]
[EventType "swiss"]
[EventRounds "7"]
[EventCountry "GER"]
[SourceTitle "CBM 148 Extra"]
[Source "ChessBase"]
[SourceDate "2012.06.22"]
[SourceVersion "1"]
[SourceVersionDate "2012.06.22"]
[SourceQuality "1"]

1. d4 d5 2. Bf4 c5 3. e3 Qb6 4. Nc3 e6 5. a3 Bd7 6. Rb1 a5 7. Nf3 a4 8. Be2 Nf6 9. Ne5 Bc6 10. 0-0 Be7 11. dxc5 Qxc5 12. Nxc6 bxc6 13. Bxb8 Rxb8 14. Nxa4 Qa5 15. c4 0-0 16. b4 Qa7 17. c5 Ne4 18. f3 Nf6 19. Qc2 Nd7 20. Ra1 Ra8 21. Bd1 Bf6 22. Ra2 e5 23. e4 Bg5 24. Kh1 g6 25. exd5 cxd5 26. Qd3 Nf6 27. Nb6 Rad8 28. Be2 Nh5 29. Qa6 Qc7 30. a4 Bf4 31. g4 Ng7 32. Qd3 Qc6 33. Qb5 Qe6 34. c6 Rd6 35. Rc2 f5 36. h3 Be3 37. a5 h5 38. Rd1 Bd4 39. c7 Bxb6 40. axb6 Rxb6 41. Qxd5 Rc8 42. Qxe6+ Nxe6 43. Bc4 Kf7 44. gxf5 gxf5 45. Bxe6+ Rxe6 46. Rd8 Re8 47. Rxc8 Rxc8 48. b5 e4 49. fxe4 fxe4 50. b6 e3 1-0

[Event "EU-ch (Women) 10th"]
[Site "St Petersburg"]
[Date "2009.03.16"]
[Round "8"]
[White "Malinicheva, Lidia"]
[Black "Bakalarz, Grazyna"]
[Result "0-1"]
[WhiteElo "2068"]
[BlackElo "2024"]
[PlyCount "114"]
[EventDate "2009.03.08"]
[EventType "swiss"]
[EventRounds "11"]
[EventCountry "RUS"]
[SourceTitle "CBM 129 Extra"]
[Source "ChessBase"]
[SourceDate "2009.05.05"]
[SourceVersion "2"]
[SourceVersionDate "2009.05.20"]
[SourceQuality "1"]

1. e4 d6 2. Nf3 Nf6 3. Nc3 g6 4. Bb5+ c6 5. Be2 Bg7 6. d4 0-0 7. a4 Bg4 8. a5 e5 9. dxe5 dxe5 10. Be3 Qe7 11. Nd2 Be6 12. Na4 Nbd7 13. c3 Rfb8 14. b4 b6 15. a6 b5 16. Nc5 Nxc5 17. Bxc5 Qc7 18. Be3 Nd7 19. 0-0 c5 20. Qb1 c4 21. g3 Rd8 22. Ra5 Qc6 23. Qc2 Nb6 24. f4 Bh3 25. Rf2 exf4 26. gxf4 Qe8 27. Nf3 Bg4 28. Nd4 Bd7 29. Bf3 Nd5 30. Bd2 Nc7 31. e5 Rab8 32. Re2 Qe7 33. Be1 Rb6 34. Qa2 Ne6 35. Nxe6 Bxe6 36. Bf2 Rd1+ 37. Kg2 Rb8 38. Rd2 Rxd2 39. Qxd2 Rd8 40. Qe1 Rd3 41. Rxb5 Bh3+ 42. Kg3 Qe6 43. Rb8+ Bf8 44. Be3 Kg7 45. Kf2 Be7 46. Kg1 Qxa6 47. Bg2 Rxe3 48. Qxe3 Qa1+ 49. Kf2 Bh4+ 50. Kf3 Qd1+ 51. Qe2 Qd5+ 52. Ke3 Bxg2 53. b5 Be4 54. Rc8 Bd3 55. Qf3 Qxb5 56. Qc6 Qb1 57. Qg2 Qb6+ 0-1

[Event "EU-ch (Women) 10th"]
[Site "St Petersburg"]
[Date "2009.03.10"]
[Round "3"]
[White "Ambartsumova, Karina"]
[Black "Bakalarz, Grazyna"]
[Result "1-0"]
[WhiteElo "2227"]
[BlackElo "2024"]
[PlyCount "79"]
[EventDate "2009.03.08"]
[EventType "swiss"]
[EventRounds "11"]
[EventCountry "RUS"]
[SourceTitle "CBM 129 Extra"]
[Source "ChessBase"]
[SourceDate "2009.05.05"]
[SourceVersion "2"]
[SourceVersionDate "2009.05.20"]
[SourceQuality "1"]

1. e4 g6 2. d4 Bg7 3. Nc3 d6 4. Bg5 a6 5. a4 Nc6 6. d5 Ne5 7. Qd2 c6 8. a5 Nf6 9. f4 Ned7 10. dxc6 bxc6 11. Nf3 0-0 12. Bd3 Nc5 13. 0-0 Qc7 14. b4 Nxd3 15. cxd3 e5 16. fxe5 dxe5 17. Na4 Bg4 18. Rac1 Bxf3 19. Rxf3 Qd6 20. Qc3 Nh5 21. Nb6 Ra7 22. Be3 Nf4 23. Qd2 Qe6 24. d4 Rd8 25. d5 cxd5 26. Bxf4 exf4 27. exd5 Qe5 28. Rd3 Rb7 29. d6 f3 30. gxf3 Bf6 31. Re1 Qb5 32. Rd5 Qc6 33. d7 Rxb6 34. axb6 Qxb6+ 35. Kg2 Bh4 36. Re8+ Kg7 37. Qd4+ Qxd4 38. Rxd4 Bf6 39. Rxd8 Bxd8 40. Re4 1-0

[Event "EU-ch (Women) 10th"]
[Site "St Petersburg"]
[Date "2009.03.08"]
[Round "1"]
[White "Bulmaga, Irina"]
[Black "Bakalarz, Grazyna"]
[Result "1-0"]
[WhiteElo "2300"]
[BlackElo "2024"]
[PlyCount "59"]
[EventDate "2009.03.08"]
[EventType "swiss"]
[EventRounds "11"]
[EventCountry "RUS"]
[SourceTitle "CBM 129 Extra"]
[Source "ChessBase"]
[SourceDate "2009.05.05"]
[SourceVersion "2"]
[SourceVersionDate "2009.05.20"]
[SourceQuality "1"]

1. e4 c5 2. Nf3 e6 3. d4 cxd4 4. Nxd4 Nc6 5. Nc3 Nf6 6. Ndb5 Bb4 7. a3 Bxc3+ 8. Nxc3 d5 9. Bd3 dxe4 10. Nxe4 Nxe4 11. Bxe4 Qxd1+ 12. Kxd1 0-0 13. Bd2 e5 14. Re1 Nd4 15. Kc1 Be6 16. Bc3 Rab8 17. Bd3 Rfd8 18. Bxd4 exd4 19. Kd2 Rbc8 20. Re5 b6 21. Rae1 Rc7 22. Bf5 Rf8 23. Bxe6 fxe6 24. R1e2 Rfc8 25. Kd3 Kf7 26. Rxe6 Rxc2 27. Re7+ Kf6 28. Rxc2 Rxc2 29. Kxc2 Kxe7 30. Kd3 1-0

[Event "Olympiad Women-38"]
[Site "Dresden"]
[Date "2008.11.20"]
[Round "7"]
[White "Bakalarz, Grazyna"]
[Black "Fairley, Natasha"]
[Result "1-0"]
[WhiteElo "2001"]
[BlackElo "1803"]
[PlyCount "79"]
[EventDate "2008.11.13"]
[EventType "team-swiss"]
[EventRounds "11"]
[EventCountry "GER"]
[SourceTitle "CBM 128"]
[Source "ChessBase"]
[SourceDate "2009.01.28"]
[SourceVersion "1"]
[SourceVersionDate "2009.01.28"]
[SourceQuality "1"]
[WhiteTeam "Luxembourg (W)"]
[BlackTeam "New Zealand (W)"]
[WhiteTeamCountry "LUX"]
[BlackTeamCountry "NZL"]

1. d4 d5 2. Bf4 Nf6 3. e3 c6 4. Nf3 e6 5. Bd3 Bd6 6. 0-0 0-0 7. c3 Qc7 8. Bxd6 Qxd6 9. Ne5 b6 10. Nd2 c5 11. f4 Ba6 12. Bxa6 Nxa6 13. Qf3 cxd4 14. exd4 h6 15. Rae1 Nb8 16. f5 Nbd7 17. Nxf7 Rxf7 18. fxe6 Re7 19. exd7 Qxd7 20. Qg3 Rae8 21. Nf3 Ne4 22. Qf4 Qa4 23. Ne5 Nf6 24. a3 Qb5 25. Qd2 Ne4 26. Qe2 Qxe2 27. Rxe2 Nf6 28. Ref2 a5 29. g3 Re6 30. a4 Rb8 31. Ra1 Rb7 32. Kg2 Kf8 33. Ng6+ Ke8 34. Nf4 Re4 35. Nd3 Re6 36. h3 Rbe7 37. Ne5 Rb7 38. g4 Rbe7 39. Raf1 Rb7 40. h4 1-0